[Event "Benidorm op-A"]
[Site "Benidorm"]
[Date "2024.10.31"]
[Round "5"]
[White "Jankowiak, Piotr"]
[Black "Garcia Fernandez, Victor"]
[Result "0-1"]
[WhiteElo "2074"]
[BlackElo "2353"]
[PlyCount "72"]
[EventDate "2024.10.27"]
[EventType "swiss"]
[EventRounds "9"]
[EventCountry "ESP"]
[SourceTitle "CB45_2024"]
[Source "ChessBase"]
[SourceDate "2024.11.06"]
[SourceVersion "1"]
[SourceVersionDate "2024.11.06"]
[SourceQuality "1"]

1. d4 Nf6 2. Bg5 Nc6 3. e3 e5 4. dxe5 Nxe5 5. Nf3 Ng6 6. Bd3 h6 7. Bxf6 Qxf6 8. c3 d5 9. Nbd2 Bd6 10. Qc2 Ne5 11. Nxe5 Bxe5 12. Nf3 Bd6 13. e4 0-0 14. 0-0-0 dxe4 15. Bxe4 a5 16. Nd4 a4 17. f3 a3 18. b3 Ra5 19. g4 c5 20. Ne2 b5 21. h4 Qe7 22. g5 h5 23. Qd2 Be5 24. Nf4 b4 25. Nd5 Qe6 26. Bf5 Bxc3 27. Qc2 Qe5 28. Bxc8 Rxc8 29. Nxc3 bxc3 30. Rd3 c4 31. Rxc3 Rac5 32. bxc4 Rb5 33. Rd1 Rb2 34. Qd3 Rxa2 35. Qe3 Qh2 36. Rd2 Qh1+ 0-1

[Event "POL-chT 2nd League"]
[Site "Jastrzebia Gora"]
[Date "2024.09.03"]
[Round "4.4"]
[White "Sokolowski, Ryszard"]
[Black "Jankowiak, Piotr"]
[Result "1-0"]
[WhiteElo "2005"]
[BlackElo "2107"]
[PlyCount "125"]
[EventDate "2024.08.31"]
[EventType "team-swiss"]
[EventRounds "9"]
[EventCountry "POL"]
[SourceTitle "EXT 2025"]
[Source "ChessBase"]
[SourceDate "2024.10.14"]
[SourceVersion "1"]
[SourceVersionDate "2024.10.14"]
[SourceQuality "1"]
[WhiteTeam "Koszalin Hetman Politechnika"]
[BlackTeam "Kozuchow Odrodzenie"]
[WhiteTeamCountry "POL"]
[BlackTeamCountry "POL"]

1. Nf3 d5 2. g3 Nf6 3. Bg2 e6 4. 0-0 Bd6 5. c4 0-0 6. d4 b6 7. cxd5 exd5 8. Nc3 c6 9. Bg5 h6 10. Bxf6 Qxf6 11. e4 dxe4 12. Nxe4 Qe7 13. Re1 Be6 14. Qc2 Rc8 15. Ne5 Bd5 16. Ng5 Qxg5 17. Bxd5 Bxe5 18. Rxe5 Qd8 19. Bb3 Nd7 20. Rf5 Nf6 21. Rd1 Qd7 22. Rxf6 gxf6 23. Qg6+ Kf8 24. Qxh6+ Kg8 25. Bc2 f5 26. Qg5+ Kf8 27. Bxf5 Qd6 28. Bxc8 Rxc8 29. Qe5 Qxe5 30. dxe5 Ke7 31. f4 c5 32. Kf2 c4 33. Ke3 c3 34. bxc3 Rxc3+ 35. Rd3 Rc1 36. Rd2 a5 37. Rb2 Ra1 38. Rxb6 Rxa2 39. Ra6 a4 40. Ke4 a3 41. Kf5 Rxh2 42. Rxa3 Rh5+ 43. Ke4 Rh6 44. g4 Rb6 45. Kf5 Kf8 46. Rd3 Kg7 47. Rd6 Rb5 48. g5 Ra5 49. g6 fxg6+ 50. Rxg6+ Kf7 51. Rf6+ Ke7 52. Rh6 Ra4 53. Rh7+ Kf8 54. Rb7 Rc4 55. Kg5 Re4 56. Kf5 Rc4 57. e6 Ra4 58. Ke5 Ra5+ 59. Kf6 Ra8 60. Rd7 Kg8 61. Rg7+ Kh8 62. Rg2 Rf8+ 63. Ke5 1-0

[Event "POL-chT 2nd League"]
[Site "Jastrzebia Gora"]
[Date "2024.09.02"]
[Round "3.10"]
[White "Jankowiak, Piotr"]
[Black "Smagalski, Slawomir"]
[Result "1/2-1/2"]
[WhiteElo "2107"]
[BlackElo "1941"]
[PlyCount "125"]
[EventDate "2024.08.31"]
[EventType "team-swiss"]
[EventRounds "9"]
[EventCountry "POL"]
[SourceTitle "EXT 2025"]
[Source "ChessBase"]
[SourceDate "2024.10.14"]
[SourceVersion "1"]
[SourceVersionDate "2024.10.14"]
[SourceQuality "1"]
[WhiteTeam "Kozuchow Odrodzenie"]
[BlackTeam "Konin Hetman TS"]
[WhiteTeamCountry "POL"]
[BlackTeamCountry "POL"]

1. e4 e5 2. Nf3 Nc6 3. Nc3 Nf6 4. a4 a6 5. Bc4 Bc5 6. d3 h6 7. Be3 Bxe3 8. fxe3 d6 9. 0-0 Be6 10. Nh4 Ne7 11. Qf3 0-0 12. h3 c6 13. Rf2 b5 14. Bb3 bxa4 15. Rxa4 Bxb3 16. cxb3 Nd7 17. b4 c5 18. bxc5 Nxc5 19. Rc4 Rb8 20. Qd1 g6 21. d4 Nd7 22. Qg4 Kh7 23. Ra4 a5 24. Ra1 h5 25. Qg3 exd4 26. exd4 Qb6 27. Rd1 d5 28. e5 Qe6 29. Rdf1 Rb4 30. Nf3 Qb6 31. Ng5+ Kg8 32. Nxf7 Qxd4 33. Kh1 Kg7 34. Ng5 Rxf2 35. Rxf2 h4 36. Qf3 Qxe5 37. Qf7+ Kh6 38. Ne6 Nf5 39. Ne2 Rxb2 40. N6f4 Rb1+ 41. Kh2 Qd6 42. Qxd5 Qxd5 43. Nxd5 Ne5 44. g4 hxg3+ 45. Nxg3 Nh4 46. Ne4 Re1 47. Nec3 g5 48. Ra2 Nf5 49. Rxa5 Rc1 50. Ra2 Nf3+ 51. Kg2 N5h4+ 52. Kf2 Ne5 53. Ra6+ Kg7 54. Ra7+ Kf8 55. Ke2 Rh1 56. Ne4 Rh2+ 57. Kd1 Nhf3 58. Ndf6 Nc4 59. Nh7+ Ke8 60. Nhxg5 Nb2+ 61. Kc1 Nd3+ 62. Kd1 Nf2+ 63. Nxf2 1/2-1/2

[Event "Sitges op 48th"]
[Site "Sitges"]
[Date "2024.07.24"]
[Round "3"]
[White "Jankowiak, Piotr"]
[Black "Diaz Perez, Michel Alejandro"]
[Result "0-1"]
[WhiteElo "2126"]
[BlackElo "2486"]
[PlyCount "75"]
[EventDate "2024.07.22"]
[EventType "swiss"]
[EventRounds "9"]
[EventCountry "ESP"]
[SourceTitle "CBM 221 Extra"]
[Source "ChessBase"]
[SourceDate "2024.09.30"]
[SourceVersion "1"]
[SourceVersionDate "2024.09.30"]
[SourceQuality "1"]

1. e4 e5 2. Nf3 Nc6 3. Nc3 Nf6 4. a4 h6 5. Bb5 Bd6 6. d4 Nxd4 7. Nxd4 exd4 8. Qxd4 Qe7 9. Bd3 c6 10. Qe3 0-0 11. Qe2 Re8 12. 0-0 Be5 13. Re1 d5 14. exd5 Bg4 15. f3 Qc7 16. Be3 Bxh2+ 17. Kf1 Bd7 18. dxc6 Bxc6 19. Qd2 Nh5 20. Nb5 Ng3+ 21. Kf2 Qe7 22. Rh1 Nxh1+ 23. Rxh1 Bg3+ 24. Kxg3 Qxe3 25. Qxe3 Rxe3 26. Nd6 Rd8 27. Ne4 Bxe4 28. Bxe4 Re2 29. b4 Rdd2 30. Rg1 b6 31. Bd3 Rf2 32. a5 h5 33. axb6 axb6 34. Kh3 g5 35. Kg3 Kg7 36. b5 g4 37. f4 Kf6 38. Bh7 0-1

[Event "Sitges op 48th"]
[Site "Sitges"]
[Date "2024.07.22"]
[Round "1"]
[White "Jankowiak, Piotr"]
[Black "Elashvili, Giorgi"]
[Result "1/2-1/2"]
[WhiteElo "2126"]
[BlackElo "1958"]
[PlyCount "55"]
[EventDate "2024.07.22"]
[EventType "swiss"]
[EventRounds "9"]
[EventCountry "ESP"]
[SourceTitle "CBM 221 Extra"]
[Source "ChessBase"]
[SourceDate "2024.09.30"]
[SourceVersion "1"]
[SourceVersionDate "2024.09.30"]
[SourceQuality "1"]

1. d4 e6 2. e4 d5 3. Nd2 dxe4 4. Nxe4 Nd7 5. g3 Ngf6 6. Nxf6+ Qxf6 7. Bg2 Bd6 8. Nf3 h6 9. 0-0 0-0 10. c3 e5 11. Nd2 c6 12. Ne4 Qe7 13. Nxd6 Qxd6 14. dxe5 Qxd1 15. Rxd1 Nxe5 16. Bf4 Ng6 17. Bd6 Re8 18. Rd2 Be6 19. b3 a5 20. Rad1 a4 21. c4 axb3 22. axb3 Ra6 23. Bf3 Bh3 24. Bg2 Be6 25. h4 b5 26. cxb5 cxb5 27. b4 Bc4 28. Bc5 1/2-1/2

[Event "Pardubice Czech op-E 35th"]
[Site "Pardubice"]
[Date "2024.07.12"]
[Round "2.2"]
[White "Jun, Rudolf Jr"]
[Black "Jankowiak, Piotr"]
[Result "1-0"]
[WhiteElo "2209"]
[BlackElo "2126"]
[PlyCount "79"]
[EventDate "2024.07.11"]
[EventType "team-swiss"]
[EventRounds "7"]
[EventCountry "CZE"]
[SourceTitle "CBM 221 Extra"]
[Source "ChessBase"]
[SourceDate "2024.09.30"]
[SourceVersion "1"]
[SourceVersionDate "2024.09.30"]
[SourceQuality "1"]
[WhiteTeam "JST"]
[BlackTeam "Wroclaw Anderssen Foundation"]
[WhiteTeamCountry "CZE"]
[BlackTeamCountry "POL"]

1. e4 e5 2. Nc3 Nc6 3. g3 g6 4. Bg2 Bg7 5. d3 Nge7 6. f4 d6 7. Nf3 exf4 8. Bxf4 f5 9. exf5 Bxf5 10. Qd2 Qd7 11. 0-0 0-0 12. Rae1 Rae8 13. Bh6 Bg4 14. Bxg7 Kxg7 15. Ne4 Nd5 16. c4 Nf6 17. Qc3 Bf5 18. Nxf6 Rxf6 19. g4 Bxg4 20. Qxf6+ Kxf6 21. Ne5+ Qf5 22. Nxg4+ Kg7 23. Rxf5 Rxe1+ 24. Rf1 Re2 25. Bxc6 bxc6 26. Rf2 Re1+ 27. Kg2 h5 28. Nf6 Re3 29. d4 a5 30. c5 a4 31. d5 Re5 32. cxd6 cxd6 33. dxc6 Rg5+ 34. Kf1 Rc5 35. c7 h4 36. h3 g5 37. Kg2 Kg6 38. Nd5 Kg7 39. b4 Rc4 40. b5 1-0

[Event "Teplice op 17th"]
[Site "Teplice"]
[Date "2024.06.15"]
[Round "1"]
[White "Amar, Elham"]
[Black "Jankowiak, Piotr"]
[Result "1-0"]
[WhiteElo "2548"]
[BlackElo "2072"]
[PlyCount "103"]
[EventDate "2024.06.15"]
[EventType "swiss"]
[EventRounds "9"]
[EventCountry "CZE"]
[SourceTitle "CBM 220 Extra"]
[Source "ChessBase"]
[SourceDate "2024.07.31"]
[SourceVersion "1"]
[SourceVersionDate "2024.07.31"]
[SourceQuality "1"]

1. e4 e5 2. Nf3 Nf6 3. Nxe5 d6 4. Nf3 Nxe4 5. d4 d5 6. Bd3 Bd6 7. 0-0 0-0 8. Re1 Bf5 9. c4 c6 10. Qb3 Na6 11. cxd5 cxd5 12. Nc3 Nb4 13. Bxe4 dxe4 14. Bg5 Qd7 15. Nxe4 Rfe8 16. Nxd6 Qxd6 17. Bf4 Qxf4 18. Qxb4 Be4 19. Ne5 Re6 20. Re3 Rh6 21. h3 Rb6 22. Qc3 Bd5 23. Rae1 Re6 24. Qa5 Bc6 25. Nxc6 bxc6 26. Rxe6 fxe6 27. Qc5 Rf8 28. Re2 Kh8 29. Qxc6 Qxd4 30. Qxe6 h6 31. Qe3 Qd1+ 32. Kh2 a5 33. Rd2 Qc1 34. Qc3 Qxc3 35. bxc3 Rc8 36. Rc2 Rc4 37. Kg3 Kg8 38. Kf3 Kf7 39. Ke3 Ke6 40. Kd2 Kd5 41. Kc1 Re4 42. Rd2+ Kc4 43. Kb2 g5 44. f3 Re1 45. h4 Kc5 46. hxg5 hxg5 47. Kb3 Re5 48. Rd4 Kb5 49. Rd5+ Rxd5 50. c4+ Kc5 51. cxd5 Kxd5 52. Ka4 1-0